<?xml version="1.0" encoding="UTF-8"?>
<record
    xmlns:xsi="http://www.w3.org/2001/XMLSchema-instance"
    xsi:schemaLocation="http://www.loc.gov/MARC21/slim http://www.loc.gov/standards/marcxml/schema/MARC21slim.xsd"
    xmlns="http://www.loc.gov/MARC21/slim">

  <leader>00855nam a2200217Ia 4500</leader>
  <controlfield tag="003">IN-BaIIA</controlfield>
  <controlfield tag="008">211028s9999    xx            000 0 eng d</controlfield>
  <datafield tag="020" ind1=" " ind2=" ">
    <subfield code="a">0-8194-1049-8</subfield>
  </datafield>
  <datafield tag="040" ind1=" " ind2=" ">
    <subfield code="c">IIA Library</subfield>
  </datafield>
  <datafield tag="080" ind1=" " ind2=" ">
    <subfield code="a">535(082.1)</subfield>
    <subfield code="b">SPI-1113</subfield>
  </datafield>
  <datafield tag="111" ind1=" " ind2=" ">
    <subfield code="a">Society of Photo-Optical Instrumentation Engineers Conference</subfield>
    <subfield code="c">Germany</subfield>
    <subfield code="d">1988 Sept. 12-21</subfield>
    <subfield code="9">17082</subfield>
  </datafield>
  <datafield tag="245" ind1=" " ind2="0">
    <subfield code="a">Reflective optics II</subfield>
    <subfield code="b">proceedings of the SPIE held in Humburg, Germany, on 12-21 September 1988</subfield>
    <subfield code="c">edited by Dietrich G.Korsch                                   </subfield>
  </datafield>
  <datafield tag="260" ind1=" " ind2=" ">
    <subfield code="a">Washington</subfield>
    <subfield code="b">Society of Photo-Optical Instrumentation Engineers</subfield>
    <subfield code="c">1989</subfield>
  </datafield>
  <datafield tag="300" ind1=" " ind2=" ">
    <subfield code="a">vi, 279p.</subfield>
  </datafield>
  <datafield tag="490" ind1=" " ind2=" ">
    <subfield code="a">SPIE proceedings series; v. 1113</subfield>
  </datafield>
  <datafield tag="650" ind1=" " ind2=" ">
    <subfield code="a">Astronomy and Astrophysics Thesaurus</subfield>
  </datafield>
  <datafield tag="650" ind1=" " ind2=" ">
    <subfield code="a">Optics</subfield>
  </datafield>
  <datafield tag="650" ind1=" " ind2=" ">
    <subfield code="a">Reflective index</subfield>
    <subfield code="9">17083</subfield>
  </datafield>
  <datafield tag="700" ind1=" " ind2=" ">
    <subfield code="a">Korsch, Dietrich G., ed.</subfield>
    <subfield code="9">17084</subfield>
  </datafield>
  <datafield tag="942" ind1=" " ind2=" ">
    <subfield code="c">BK</subfield>
  </datafield>
  <datafield tag="999" ind1=" " ind2=" ">
    <subfield code="c">10096</subfield>
    <subfield code="d">10096</subfield>
  </datafield>
  <datafield tag="952" ind1=" " ind2=" ">
    <subfield code="0">0</subfield>
    <subfield code="1">0</subfield>
    <subfield code="4">0</subfield>
    <subfield code="7">0</subfield>
    <subfield code="a">BAN</subfield>
    <subfield code="b">BAN</subfield>
    <subfield code="c">GEN</subfield>
    <subfield code="d">1991-01-04</subfield>
    <subfield code="l">0</subfield>
    <subfield code="o">535(082.1)/ SPI-1113</subfield>
    <subfield code="p">11006</subfield>
    <subfield code="r">2021-11-05</subfield>
    <subfield code="w">1991-01-04</subfield>
    <subfield code="y">BK</subfield>
    <subfield code=" ">55.00</subfield>
  </datafield>
</record>
